| Registos Bibliográficos associados ao registo de autoridade |
|
Etiqueta de registo: 00254nam 2200025 450 001 2285790 003 http://id.bnportugal.gov.pt/bib/catbnp/2285790 100 ## $a20260506d2025 k y0pory01030103ba 101 0# $apor$deng 102 ## $aPT 105 ## $aa m 000yy 106 ## $ar 200 1# $aEstruturação de uma política cultural a partir da filosofia$eda organização da polis ateniense à atualidade$fDiana Soraia Gonçalves dos Santos$gorient. José Francisco Preto Meirinhos 210 #9 $aPorto$c[s.n.],$d2025 215 ## $a[6], 247 p.$cil.$d30 cm 328 #1 $aTese dout. Filosofia, Faculdade de Letras, Universidade do Porto, 2025 700 #1 $aSantos,$bDiana Soraia Gonçalves dos$31997721 702 #1 $aMeirinhos,$bJosé Francisco,$f1960-$4727$3890160 801 #0 $aPT$bBN$gRPC 966 ## $lBN$mFGMON$x1 971 ## $cssilva$d20260506
|
|
|